| 000 | 00797nam a2200229 a 4500 | ||
|---|---|---|---|
| 001 | 000728846 | ||
| 003 | AM-YeHGA | ||
| 005 | 20250617160947.0 | ||
| 008 | 100415s1961 ||||||||||||||||||||rus d | ||
| 040 | _aAM-YeHGA | ||
| 041 | 0 | _arus | |
| 100 | 1 | _aТерпило, Настасья Ивановна | |
| 245 | 1 | 0 |
_aАнатомический атлас лекарственных растений / _cН.И. Терпило . |
| 250 | _a2-е изд., перераб. и доп. | ||
| 260 |
_aКиев : _bГосмедиздат УССР, _c1961. |
||
| 300 |
_a364 с. : _bил. |
||
| 650 | 1 | 4 | _aФармакология |
| 650 | 1 | 4 |
_aЛекарственные растения _vАтласы |
| 650 | 1 | 4 | _aАптечное дело |
| 650 | 1 | 4 | _aФармацевтика |
| 090 | _c466408 | ||
| 999 |
_c463222 _d463222 |
||